Deadpool & Wolverine Characters - Statistics

General Stats
  • This quiz has been taken 311 times
  • The average score is 16 of 24
Answer Stats
Picture Answer % Correct
Deadpool
99%
Wolverine
98%
Blade
87%
Gambit
86%
Dogpool
85%
Ladypool
79%
Human Torch
77%
Nicepool
77%
Colossus
75%
Elektra
73%
Juggernaut
72%
X-23
70%
Peter
63%
Cassandra Nova
58%
Blind Al
55%
Sabretooth
55%
Pyro
53%
Yukio
53%
Toad
52%
Negasonic Teenage Warhead
51%
Vanessa
50%
Paradox
37%
Alioth
32%
Psylocke
30%
No matching quizzes found
Score Distribution
Percent of People with Each Score
Percentile by Number Answered
Your Score History
You have not taken this quiz